LEADER 00802nam0-22003011--450- 001 990008874770403321 005 20100210123337.0 035 $a000887477 035 $aFED01000887477 035 $a(Aleph)000887477FED01 035 $a000887477 100 $a20090708d1953----km-y0itay50------ba 101 0 $aeng 102 $aNL 105 $ay-------001yy 200 1 $aAggressive war$ean international crime$fby C. A. Pompe 210 $aThe Hague$cMartinus Nijhoff$d1953 215 $aXV, 382 p.$d25 cm 676 $a355.02$v12 rid.$zita 676 $a341$v12 rid. 700 1$aPompe,$bC. A.$0433569 801 0$aIT$bUNINA$gRICA$2UNIMARC 901 $aBK 912 $a990008874770403321 952 $aX D 129$b42783$fFGBC 959 $aFGBC 996 $aAggressive war$9803264 997 $aUNINA LEADER 01660nam 2200505 450 001 9910467740003321 005 20200520144314.0 010 $a1-5231-2861-5 010 $a1-119-37589-4 010 $a1-119-37590-8 035 $a(CKB)4100000007520161 035 $a(MiAaPQ)EBC5632907 035 $a(Au-PeEL)EBL5632907 035 $a(CaPaEBR)ebr11645183 035 $a(OCoLC)1083037291 035 $a(EXLCZ)994100000007520161 100 $a20190128d2019 uy 0 101 0 $aeng 135 $aurcnu|||||||| 181 $ctxt$2rdacontent 182 $cc$2rdamedia 183 $acr$2rdacarrier 200 10$aWind effects on structures $emodern structural design for wind /$fEmil Simiu, P.E., Ph.D., NIST Fellow, National Institute of Standards and Technology, DongHun Yeo, P.E., Ph.D., Research Engineer, National Institute of Standards and Technology 205 $aFourth edition. 210 1$aHoboken, New Jersey ;$aChichester, West Sussex, England :$cWiley Blackwell,$d2019. 215 $a1 online resource (523 pages) 311 $a1-119-37588-6 320 $aIncludes bibliographical references and index. 606 $aWind-pressure 606 $aBuildings$xAerodynamics 606 $aWind resistant design 608 $aElectronic books. 615 0$aWind-pressure. 615 0$aBuildings$xAerodynamics. 615 0$aWind resistant design. 676 $a624.175 700 $aSimiu$b Emil$043582 702 $aYeo$b DongHun 801 0$bMiAaPQ 801 1$bMiAaPQ 801 2$bMiAaPQ 906 $aBOOK 912 $a9910467740003321 996 $aWind effects on structures$91989993 997 $aUNINA